ბათუმის შოთა რუსთაველის სახელმწიფო უნივერსიტეტის ბიბლიოთეკა

Lehrbuch der Sozialwirtschaft (ბიბ.ჩანაწერი № 55246)

000 -LEADER
fixed length control field 00723nam a2200253Ia 4500
001 - CONTROL NUMBER
control field 22322
003 - CONTROL NUMBER IDENTIFIER
control field GE_BSU
008 - FIXED-LENGTH DATA ELEMENTS--GENERAL INFORMATION
fixed length control field 181216s||||||||xx |||||||||||||| ||und||
020 ## - INTERNATIONAL STANDARD BOOK NUMBER
International Standard Book Number 9783832978198
040 ## - CATALOGING SOURCE
Transcribing agency GE_BSU
080 ## - UNIVERSAL DECIMAL CLASSIFICATION NUMBER
Universal Decimal Classification number 338(075.8)+811.112
100 ## - MAIN ENTRY--PERSONAL NAME
Personal name Arnold,Ulli, Klaus Grunwald,Bernd Maelike.
245 ## - TITLE STATEMENT
Title Lehrbuch der Sozialwirtschaft
245 ## - TITLE STATEMENT
Remainder of title 4.erweiterte Auflage
260 ## - PUBLICATION, DISTRIBUTION, ETC.
Place of publication, distribution, etc. Baden-Baden
260 ## - PUBLICATION, DISTRIBUTION, ETC.
Name of publisher, distributor, etc. Nomos
260 ## - PUBLICATION, DISTRIBUTION, ETC.
Date of publication, distribution, etc. 2014
300 ## - PHYSICAL DESCRIPTION
Extent 940p,21cm
653 ## - INDEX TERM--UNCONTROLLED
Uncontrolled term Lehrbuch der Sozialwirtschaft
653 ## - INDEX TERM--UNCONTROLLED
Uncontrolled term ეკონომიკა
653 ## - INDEX TERM--UNCONTROLLED
Uncontrolled term სოციალური ეკონომიკის სახელმძღვანელო
942 ## - ADDED ENTRY ELEMENTS (KOHA)
Koha item type წიგნი
ეგზემპლარები
Withdrawn status Lost status Damaged status Not for loan Date acquired Barcode Date last seen Price effective from Koha item type
        2018-12-17 57546 2018-12-17 2018-12-17 წიგნი